Çağdaş kimliğimiz için direniş (Record no. 10731)

MARC details
000 -BAŞLIK
Sabit Uzunlukta Kontrol Alanı 00959na a2200289 4500
001 - KONTROL NUMARASI
Denetim Alanı 24210
003 - KONTROL NUMARASI IDENTIFIER
Denetim Alanı MIRAKIL
005 - SON İŞLEM TARİHİ VE ZAMANI
Denetim Alanı 20181213155332.0
008 - SABİT-BOY VERİ ELEMANLARI - GENEL BİLGİLER
Sabit Uzunlukta Kontrol Alanı 180619b tu 000 0
020 ## - ULUSLARARASI STANDART KİTAP NUMARASI
Uluslararası Standart Kitap Numarası 9786051244105
040 ## - KATALOGLAMA KAYNAK
Orijinal Kataloglama Ajansı Milas
Kataloglama Dili tur
Metne Dönüştürmek Ajansı TR-AnCHP
041 ## - DİL KODU
Metin / Ses Parça Veya Ayrı Başlığın Dil Kodu tur
082 ## - DEWEY ONLU SINIFLANDIRMA NUMARASI
Sınıflandırma Numarası CHP 320.9561
Ürün Numarası T66ç 2016
090 ## - SINIFLAMA NUMARASI
Sınıflama Numarası CHP 320.9561 T66ç 2016
100 ## - ANA GİRİŞ - KİŞİSEL İSİM
Kişisel Ad Topuz, Ali
245 ## - BAŞLIK TABLOSU
Başlık Çağdaş kimliğimiz için direniş
Başlığın Kalan Umut da çözüm de CHP Neden?* Nasıl?
Sorumluluk Tablosu, Vb Ali Topuz
246 ## - UNVAN FORM VARYING
Başlık Doğru / Kısa Başlığı Umut da çözüm de CHP Neden?* Nasıl?
260 ## - YAYIN, DAĞITIM, VB
Yayın, Dağıtım, Vb Yeri İstanbul
Yayıncı, Dağıtıcı, Vs Adı Net Kitap
Yayın, Dağıtım, Vb Tarihi 2016
Üretici Firma Ömür matbaacılık
300 ## - FİZİKSEL TANIM
Kapsam 312 s.
Diğer Fiziksel Ayrıntıları fotğ. , tbl.
Boyutlar 21 sm.
500 ## - GENEL NOT
Genel Not Yapıt yazarından imzalıdır.
504 ## - KAYNAKÇA VB NOT
Kaynakça Vb Notu Kaynakça var.
610 ## - KONU KATMA GİRİŞ - TOPLANTI ADI
Giriş Elemanı Olarak Kurumsal Ad Veya Yargı Alanı Adı CHP
Genel Alt Bölüm Propaganda ve ideolojiler
650 ## - KONU KATMA GİRİŞ - TOPİKAL DÖNEM
Topikal Süreli Veya Coğrafi Ad Giriş Elemanı Siyaset ve yönetim
Genel Alt Bölümü Sorunlar ve çözümler
650 ## - KONU KATMA GİRİŞ - TOPİKAL DÖNEM
Topikal Süreli Veya Coğrafi Ad Giriş Elemanı Siyaset ve yönetim
Genel Alt Bölümü Türkiye
740 ## - KATMA GİRİŞ - KONTROLSUZ İLGİLİ / ANALİTİK BAŞLIK
Kontrol Edilmeyen / İlgili Analitik Başlıktaki Umut da çözüm de CHP Neden?* Nasıl?
942 ## - EKLENDİ GİRİŞ ELEMANLARI (KOHA)
Sınıflandırma Veya Raf Düzeni Kaynak Dewey Decimal Classification
Koha Öğesi Türü Books
999 ## - SİSTEM KONTROL NUMARALARI (KOHA)
Koha Biblionumber 10731
Koha Biblioitemnumber 10731
Holdings
Kullanım Kısıtlamaları Kalıcı Konum Mevcut Konum Edinme Tarihi Edinim Kaynak Toplam Check-Out'Lar Tam Çağrı Numarası Barkod Tarih Son Görülme İtibaren Geçerli Fiyatlar Koha Öğesi Türü
Kütüphane dışına çıkarılamaz CHP Kütüphanesi CHP Kütüphanesi 06/19/2018 Bağış   CHP 320.9561 T66ç 2016 018214 06/19/2018 06/19/2018 Books